Statistics for Largest Cities in Dane County, Wisconsin

Click here to take the quiz!

General Stats

  • This quiz has been taken 27 times
  • The average score is 15 of 26

Answer Stats

PopulationCity% Correct
233,209Madison
95%
17,442Middleton
91%
29,364Sun Prairie
91%
25,260Fitchburg
86%
7,533Monona
82%
13,114Stoughton
82%
12,097Waunakee
77%
10,619Verona
73%
9,231Oregon
68%
6,192Cottage Grove
64%
995Dane
64%
8,936DeForest
64%
8,952McFarland
64%
1,565Shorewood Hills
64%
2,319Deerfield
59%
1,313Maple Bluff
59%
3,538Cross Plains
55%
3,862Marshall
45%
1,338Black Earth
41%
1,652Mazomanie
41%
7,009Mount Horeb
41%
855Blue Mounds
27%
1,401Brooklyn
27%
2,385Belleville
23%
5,286Windsor
23%
1,457Cambridge
14%

Score Distribution

Percentile by Number Answered

Percent of People with Each Score

Your Score History

You have not taken this quiz